[Event "Baltic Zonal III Stage 2018"]
[Site "Liepaja"]
[Date "2018.07.11"]
[Round "4"]
[White "Kantans, Toms"]
[Black "Malisauskas, Vidmantas"]
[Result "1-0"]
[WhiteElo "2529"]
[BlackElo "2432"]
[Annotator "TA"]
[PlyCount "63"]
[EventDate "2018.07.09"]
[EventType "swiss"]
[EventCountry "LAT"]
[SourceTitle "playchess.com"]
[Source "ChessBase"]
[SourceQuality "1"]

{[%evp 28,63,41,7,168,106,106,116,104,97,105,108,114,121,102,102,107,97,113,113,118,110,110,110,118,104,100,94,209,207,217,217,350,347,324,302,632,629]} 1. e4 c5 2. Nf3 d6 3. d4 cxd4 4. Nxd4 Nf6 5. Nc3 a6 6. Bg5 e6 7. f4 Qb6 8. Qd2 Qxb2 9. Rb1 Qa3 10. e5 dxe5 11. fxe5 Nfd7 12. Ne4 Qxa2 {B97: Sicilian Najdorf: Poisoned Pawn} (12... h6 13. Bh4 Qxa2 14. Rd1 Qd5 15. Qe3 Qxe5 16. Be2 Bc5 17. Bg3 Bxd4 18. Rxd4 Qa5+ 19. Rd2 O-O 20. Bd6 {1-0 (60) Yu,Y (2664)-Wei,Y (2625) Xinghua 2014}) 13. Rd1 {[%cal Bb1d1,Bd1d4,Bd4g4][%mdl 32]} Qd5 14. Qe3 Qxe5 15. Be2 {LiveBook: 12 Games. Threatens to win with 0-0.} Nc6 $2 (15... Bc5 $1 $11) 16. O-O $146 (16. Nxc6 $18 bxc6 17. O-O) ({Predecessor:} 16. Nxc6 bxc6 17. O-O Bb4 18. Bf4 Bc5 19. Nxc5 Qxc5 20. Rd4 {1-0 (47) Svoboda,S (2441)-Hollan,P (2288) Czech Republic 2016}) 16... Nxd4 $16 17. Rxd4 Bc5 18. Nxc5 {Intending Qxe5 and mate.} Qxe3+ 19. Bxe3 Nxc5 {[#]} 20. Rg4 $1 {[%cal Rg4g7]} b6 21. Rxg7 Ra7 22. Bh5 Rf8 23. Rxh7 {Bh6 is the strong threat.} e5 24. Rf6 Rc7 25. Rxb6 Ne6 26. Bh6 $36 {[%mdl 2048] White is on the roll.} Rg8 27. h4 Nd8 (27... Nf4 $16 {keeps fighting.} 28. Bxf4 exf4) 28. Bg5 $18 Ne6 29. Bf6 Nf8 {[#]} (29... Nd8 {was necessary.} 30. Bf3 (30. Bxe5 Rxc2 31. Bf3 a5 $18) 30... Rxc2) 30. Rd6 $1 {[%csl Gf6][%cal Rd6d8][%mdl 512]} Ne6 31. Bxe5 {Hoping for Rxe6+!} Rb7 $2 (31... Nd8 32. Rxd8+ Kxd8 33. Bxc7+ (33. Rxf7 Rxf7 34. Bxf7 Rg4 $11) 33... Kxc7 34. Bxf7 Rd8) 32. Rc6 {Precision: White = 94%, Black = 38%.} 1-0

[Event "Baltic Zonal III Stage 2018"]
[Site "Liepaja"]
[Date "2018.07.11"]
[Round "4"]
[White "Ladva, Ottomar"]
[Black "Sulskis, Sarunas"]
[Result "0-1"]
[WhiteElo "2498"]
[BlackElo "2507"]
[Annotator "RC"]
[PlyCount "54"]
[EventDate "2018.07.09"]
[EventType "swiss"]
[EventCountry "LAT"]
[SourceTitle "playchess.com"]
[Source "ChessBase"]
[SourceQuality "1"]
[TimeControl "5400+30"]

1. d4 {[%emt 0:00:00]} d5 {[%emt 0:00:00]} 2. Bf4 {[%emt 0:00:00]} c5 {[%emt 0:03:25]} 3. e3 {[%emt 0:00:25]} Nc6 {[%emt 0:01:21]} 4. c3 {[%emt 0:02:46]} cxd4 {[%emt 0:11:06]} 5. exd4 {[%emt 0:00:26]} g6 {[%emt 0:00:34]} 6. Nd2 {[%emt 0:05:00]} Bh6 {[%emt 0:03:31]} 7. Bxh6 {[%emt 0:08:20]} Nxh6 {[%emt 0:00:08]} 8. h4 {[%emt 0:06:21]} Qd6 {[%emt 0:03:03]} 9. Bd3 {[%emt 0:06:59]} Bg4 {[%emt 0:07:51]} 10. Ngf3 {[%emt 0:07:54]} O-O-O {[%emt 0:01:45]} 11. Qa4 {[%emt 0:03:14]} e5 {[%emt 0:08:47]} 12. dxe5 {[%emt 0:12:42]} Nxe5 {[%emt 0:00:12]} 13. Be2 {[%emt 0:01:49]} Nxf3+ {[%emt 0:08:21]} 14. Bxf3 {[%emt 0:11:59]} Rhe8+ {[%emt 0:04:40]} 15. Kf1 {[%emt 0:00:08]} d4 {[%emt 0:05:18]} 16. Qxa7 {[%emt 0:05:57]} Bxf3 {[%emt 0:03:55]} 17. gxf3 {[%emt 0:00:13]} dxc3 {[%emt 0:05:46]} 18. Rc1 {[%emt 0:00:56]} Qxd2 {[%emt 0:02:21]} 19. Rxc3+ {[%emt 0:00:46]} Kd7 {[%emt 0:00:08]} 20. Qxb7+ {[%emt 0:01:12]} Ke6 {[%emt 0:00:39]} 21. Rc6+ {[%emt 0:07:24]} Rd6 {[%emt 0:01:12]} 22. h5 {[%emt 0:04:08]} Kf6 {[%emt 0:01:47]} 23. Rxd6+ {[%emt 0:02:35]} Qxd6 {[%emt 0:00:07]} 24. Qb3 {[%emt 0:03:18]} Qd2 {[%emt 0:04:49]} 25. Rh3 {[%emt 0:02:26]} Nf5 {[%emt 0:01:06]} 26. hxg6 {[%emt 0:01:45]} hxg6 {[%emt 0:01:07]} 27. f4 {[%emt 0:01:16]} Re2 {[%emt 0:03:48]} 0-1

[Event "Baltic Zonal III Stage 2018"]
[Site "Liepaja"]
[Date "2018.07.11"]
[Round "4"]
[White "Kanep, Meelis"]
[Black "Samolins, Vitalijs"]
[Result "1/2-1/2"]
[WhiteElo "2440"]
[BlackElo "2400"]
[Annotator "NA"]
[PlyCount "43"]
[EventDate "2018.07.09"]
[EventType "swiss"]
[EventCountry "LAT"]
[SourceTitle "playchess.com"]
[Source "ChessBase"]
[SourceQuality "1"]
[TimeControl "5400+30"]

1. Nf3 {[%emt 0:00:00]} d5 {[%emt 0:00:00]} 2. d4 {[%emt 0:01:16]} Bf5 {[%emt 0:00:38]} 3. c4 {[%emt 0:02:24]} e6 {[%emt 0:00:06]} 4. Nc3 {[%emt 0:02:22]} Nf6 {[%emt 0:00:08]} 5. e3 {[%emt 0:01:54] LiveBook: 41 Games} Be7 {[%emt 0:04:35]} 6. Qb3 {[%emt 0:01:43]} b6 {[%emt 0:07:57]} 7. Ne5 $11 {[%emt 0:15:41]} c6 {[%emt 0:05:52]} 8. Be2 {[%emt 0:07:07]} Nfd7 {[%emt 0:03:46]} 9. g4 {[%emt 0:04:51]} Nxe5 {[%emt 0:11:12]} 10. gxf5 {[%emt 0:03:57]} dxc4 {[%emt 0:09:18]} 11. Qd1 {[%emt 0:00:10]} Nd3+ {[%emt 0:00:09]} 12. Bxd3 {[%emt 0:00:07]} cxd3 {[%emt 0:00:01]} 13. fxe6 {[%emt 0:00:09]} O-O {[%emt 0:05:30]} 14. exf7+ {[%emt 0:01:17]} Rxf7 {[%emt 0:00:04]} 15. Qxd3 {[%emt 0:01:15]} c5 {[%emt 0:17:33]} 16. Qe4 {[%emt 0:17:42]} Nd7 {[%emt 0:01:07]} 17. O-O {[%emt 0:03:24]} Nf6 {[%emt 0:06:46]} 18. Qg2 {[%emt 0:04:20]} cxd4 {[%emt 0:03:38]} 19. exd4 {[%emt 0:00:06]} Qf8 {[%emt 0:01:35]} 20. Be3 {[%emt 0:05:26]} Rd8 {[%emt 0:00:21]} 21. Kh1 {[%emt 0:01:51]} Nh5 {[%emt 0:02:02]} 22. Ne2 {[%emt 0:03:31]} 1/2-1/2

[Event "Baltic Zonal III Stage 2018"]
[Site "Liepaja"]
[Date "2018.07.11"]
[Round "4"]
[White "Pultinevicius, Paulius"]
[Black "Laurusas, Tomas"]
[Result "1-0"]
[WhiteElo "2422"]
[BlackElo "2465"]
[Annotator "TA"]
[PlyCount "75"]
[EventDate "2018.07.09"]
[EventType "swiss"]
[EventCountry "LAT"]
[SourceTitle "playchess.com"]
[Source "ChessBase"]
[SourceQuality "1"]

{[%evp 23,75,30,43,31,29,28,68,37,41,40,72,50,65,46,63,56,89,87,89,89,93,90,199,197,219,216,242,254,235,207,215,208,234,199,278,278,275,253,277,265,356,354,512,515,508,504,497,512,526,535,723,718,818,812]} 1. Nf3 Nf6 2. c4 g6 3. Nc3 d5 4. cxd5 Nxd5 5. Qb3 Nb6 6. d4 Bg7 7. Bf4 O-O 8. e3 Be6 {D90: Grünfeld: 4 Nf3 Bg7 sidelines} 9. Qa3 Nc6 (9... N8d7 10. Rd1 c6 11. Ng5 Bd5 12. e4 e5 13. dxe5 Re8 14. Nf3 Nxe5 15. Bxe5 Bxe5 16. Nxe5 Rxe5 {½-½ (24) Jakovenko,D (2709)-Grischuk,A (2742) Sharjah 2017}) 10. Be2 a5 11. Qc5 Nd5 12. Nxd5 Qxd5 {LiveBook: 6 Games} 13. Qc3 Rfc8 $146 ({Predecessor:} 13... Nb4 14. a3 Na6 {1-0 (54) Kuljasevic,D (2555)-Ostovic,M (2356) Zagreb 2017}) 14. O-O Qf5 15. a3 a4 16. Rac1 Bb3 17. Bg3 Qa5 18. Nd2 Bd5 19. Qd3 Rd8 20. Rc5 $36 {[%mdl 2048] Keeping Black busy.} Qa7 21. Qb5 Be6 22. Bxc7 Bxd4 (22... Rxd4 $16 23. Bb6 (23. exd4 Nxd4 24. Qb4 Nxe2+ 25. Kh1 b5 $16) 23... Qb8 24. exd4 Nxd4) 23. Bb6 $18 ({And not} 23. exd4 Nxd4 24. Bb6 Nxb5 $17) 23... Bxc5 24. Bxa7 Bxa7 25. Ne4 Bd7 26. Qg5 Bf5 27. Ng3 Be6 28. Rd1 Bb3 (28... Rdc8 $142 29. Bg4 Bxg4 30. Qxg4 Bc5) 29. Rxd8+ Rxd8 30. Qb5 Rd7 31. Bc4 Bd1 32. Bd5 Ne5 {[#]} (32... Bb3 $142) 33. Bxf7+ $1 {[%mdl 512] White is clearly winning.} Kxf7 (33... Nxf7 34. Qxd7) 34. Qxe5 Bb3 {intending ...Rd1+.} 35. h4 Rd1+ 36. Kh2 Rd5 37. Qh8 h5 38. Ne4 {Precision: White = 76%, Black = 23%.} 1-0

[Event "Baltic Zonal III Stage 2018"]
[Site "Liepaja"]
[Date "2018.07.11"]
[Round "4"]
[White "Seeman, Tarvo"]
[Black "Pedoson, Georg Aleksander"]
[Result "1-0"]
[WhiteElo "2414"]
[BlackElo "2176"]
[Annotator "RC"]
[PlyCount "113"]
[EventDate "2018.07.09"]
[EventType "swiss"]
[EventCountry "LAT"]
[SourceTitle "playchess.com"]
[Source "ChessBase"]
[SourceQuality "1"]
[TimeControl "5400+30"]

1. Nf3 {[%emt 0:00:00]} d5 {[%emt 0:00:00]} 2. g3 {[%emt 0:00:00]} Nf6 {[%emt 0:00:00]} 3. Bg2 {[%emt 0:00:06]} e6 {[%emt 0:00:00]} 4. O-O {[%emt 0:00:15]} Be7 {[%emt 0:00:06]} 5. d3 {[%emt 0:00:21]} c5 {[%emt 0:00:12]} 6. Nbd2 {[%emt 0:01:12]} O-O {[%emt 0:00:35]} 7. e4 {[%emt 0:00:06]} Nc6 {[%emt 0:00:13]} 8. Re1 {[%emt 0:00:21]} Qc7 {[%emt 0:02:04]} 9. c3 {[%emt 0:00:15]} dxe4 {[%emt 0:00:32]} 10. dxe4 {[%emt 0:00:08]} e5 {[%emt 0:00:06]} 11. Qc2 {[%emt 0:05:42]} Rd8 {[%emt 0:04:00]} 12. a4 {[%emt 0:03:24]} h6 {[%emt 0:04:55]} 13. Nc4 {[%emt 0:01:57]} Be6 {[%emt 0:02:02]} 14. Bf1 {[%emt 0:00:32]} Rab8 {[%emt 0:06:04]} 15. a5 {[%emt 0:23:06]} b5 {[%emt 0:05:19]} 16. axb6 {[%emt 0:00:16]} axb6 {[%emt 0:00:04]} 17. Na3 {[%emt 0:05:43]} Ra8 {[%emt 0:07:47]} 18. b3 {[%emt 0:04:16]} Qb8 {[%emt 0:05:31]} 19. Rb1 {[%emt 0:06:22]} Ra7 {[%emt 0:04:12]} 20. Nb5 {[%emt 0:01:42]} Rad7 {[%emt 0:00:45]} 21. Nd2 {[%emt 0:00:48]} Na5 {[%emt 0:01:11]} 22. Nc4 {[%emt 0:03:20]} Nxc4 {[%emt 0:01:42]} 23. bxc4 {[%emt 0:01:18]} Bg4 {[%emt 0:02:49]} 24. Be3 {[%emt 0:02:26]} Qb7 {[%emt 0:08:01]} 25. Bg2 {[%emt 0:02:18]} Be6 {[%emt 0:00:06]} 26. Qe2 {[%emt 0:01:37]} Rd3 {[%emt 0:01:33]} 27. Na3 {[%emt 0:10:55]} Rxc3 {[%emt 0:06:00]} 28. Qb2 {[%emt 0:00:36]} Rdd3 {[%emt 0:04:44]} 29. Nb5 {[%emt 0:00:10]} Rxc4 {[%emt 0:02:19]} 30. Qxe5 {[%emt 0:00:10]} Rd7 {[%emt 0:08:35]} 31. h3 {[%emt 0:03:06]} Rc2 {[%emt 0:00:41]} 32. g4 {[%emt 0:01:50]} Qc8 {[%emt 0:02:37]} 33. Qg3 {[%emt 0:02:49]} Rd3 {[%emt 0:03:44]} 34. Qc7 {[%emt 0:01:16]} Qf8 {[%emt 0:01:23]} 35. Qxb6 {[%emt 0:00:45]} Nd7 {[%emt 0:00:59]} 36. Qb7 {[%emt 0:01:00]} g5 {[%emt 0:02:40]} 37. Nc7 {[%emt 0:00:56]} Ba2 {[%emt 0:00:33]} 38. Rbd1 {[%emt 0:00:56]} Ne5 {[%emt 0:00:31]} 39. Nd5 {[%emt 0:00:36]} Bd6 {[%emt 0:01:37]} 40. Rxd3 {[%emt 0:04:18]} Nxd3 {[%emt 0:00:07]} 41. Rd1 {[%emt 0:00:12]} c4 {[%emt 0:01:13]} 42. Nf6+ {[%emt 0:01:57]} Kg7 {[%emt 0:00:34]} 43. Bd4 {[%emt 0:00:34]} Ne5 {[%emt 0:00:32]} 44. Qb6 {[%emt 0:06:50]} Kxf6 {[%emt 0:03:58]} 45. Bxe5+ {[%emt 0:00:13]} Kxe5 {[%emt 0:00:04]} 46. Rd5+ {[%emt 0:00:17]} Kf6 {[%emt 0:00:02]} 47. e5+ {[%emt 0:00:25]} Kg7 {[%emt 0:00:02]} 48. exd6 {[%emt 0:00:12]} c3 {[%emt 0:00:15]} 49. d7 {[%emt 0:01:22]} Rc1+ {[%emt 0:01:41]} 50. Kh2 {[%emt 0:00:16]} Bxd5 {[%emt 0:01:10]} 51. d8=Q {[%emt 0:01:42]} Qxd8 {[%emt 0:00:05]} 52. Qxd8 {[%emt 0:00:05]} Be6 {[%emt 0:00:07]} 53. Qd4+ {[%emt 0:00:52]} Kg8 {[%emt 0:00:06]} 54. Qe3 {[%emt 0:00:31]} Rc2 {[%emt 0:00:14]} 55. Be4 {[%emt 0:00:17]} Ra2 {[%emt 0:00:04]} 56. Kg2 {[%emt 0:00:31]} c2 {[%emt 0:00:05]} 57. Qc3 {[%emt 0:00:33]} 1-0

[Event "Baltic Zonal III Stage 2018"]
[Site "Liepaja"]
[Date "2018.07.11"]
[Round "4"]
[White "Berzinsh, Roland"]
[Black "Chukavin, Kirill"]
[Result "1-0"]
[WhiteElo "2410"]
[BlackElo "2303"]
[Annotator "TA"]
[PlyCount "79"]
[EventDate "2018.07.09"]
[EventType "swiss"]
[EventCountry "LAT"]
[SourceTitle "playchess.com"]
[Source "ChessBase"]
[SourceQuality "1"]

{[%evp 13,79,-17,0,-10,-13,-109,-82,-103,-104,-99,-27,-20,-10,-54,-18,-37,12,-56,0,0,62,37,23,-8,0,-8,0,-234,-234,-229,0,0,50,-159,41,15,12,0,0,0,47,26,154,158,134,160,158,142,162,145,127,132,300,222,376,408,652,541,539,532,837,726,29986,29986,29986,29986,29988,29989]} 1. d4 Nf6 2. Nf3 d5 3. e3 c5 4. Bd3 Nc6 5. O-O Bg4 6. c3 {D04: Damenbauernspiele} e6 7. Nbd2 Qc7 {LiveBook: 6 Partien} (7... cxd4 8. exd4 Bd6 9. Re1 O-O 10. Nf1 Re8 11. Bg5 h6 12. Bh4 e5 13. dxe5 Nxe5 14. Be2 Nxf3+ 15. Bxf3 Rxe1 16. Qxe1 Bxf3 17. gxf3 {½-½ (44) Golubov,S (2490)-Peralta,F (2574) Sitges 2016}) 8. Qe2 {Die Stellung ist ausgeglichen.} Bd6 9. dxc5 $146 (9. h3 $11 Bh5 10. b3) ({Vorgänger:} 9. h3 Bh5 10. dxc5 Bxc5 11. e4 O-O 12. Re1 {0-1 (55) Perena,C (2134)-Frayna,J (2273) Olongapo City 2015}) 9... Bxh2+ $1 $17 10. Kh1 h5 11. Qe1 Bxf3 ({Lieber} 11... Be5 $1 $17 12. Ng5 Nd7) 12. Nxf3 $11 Ng4 13. Bb5 (13. e4 $5 {[%cal Re4d5]} Nce5 14. Nxe5 Bxe5 15. f4 $11) 13... f5 14. b4 h4 15. Rb1 ({Besser ist} 15. Ng5 $11) 15... Rh5 (15... Be5 $15) 16. c4 $1 Bg3 (16... a6 $11 17. Bxc6+ bxc6) 17. cxd5 $14 (17. fxg3 hxg3+ 18. Kg1 O-O-O $19) 17... exd5 18. Ba4 (18. fxg3 $2 hxg3+ 19. Kg1 O-O-O $19) 18... a6 19. Bb2 ({Falsch wäre} 19. fxg3 $2 hxg3+ 20. Kg1 O-O-O $19) 19... O-O-O {Und weiter mit ...Tdh8 wäre nett.} 20. b5 $2 (20. Kg1 $1 $11 {und Weiss steht sicher.}) 20... axb5 $19 21. Bxb5 {[#]} Rdh8 $2 (21... Bxf2 $1 $19 22. Rxf2 h3 23. Bxc6 Nxf2+ 24. Qxf2 hxg2+ 25. Kxg2 Qxc6) 22. Bxc6 $1 $11 bxc6 23. Bd4 $2 {[#]} (23. Qe2 $14 {bleibt weiter vorne.} h3 24. Qa6+ Kd8 25. fxg3 Nxe3 26. Kg1 hxg2 27. Rfc1 Rh1+ 28. Kf2 Ng4+ 29. Ke2) 23... Qe7 $2 (23... Nxf2+ $1 $17 24. Rxf2 h3) 24. Qa5 $14 Bc7 $1 {[%cal Rc7a5]} 25. Qa6+ Kd7 {Droht stark ...h3.} 26. Rb7 Rc8 {Und ...h3 würde nun gewinnen.} 27. Qe2 {Se5+! ist eine echte Drohung.} h3 (27... Rh6 $11 {bleibt in der Remisbreite.}) 28. Ne5+ $1 $16 Ke8 {( -> ...hxg2+)} 29. g3 $36 {[%mdl 2048] Weiss bestimmt, wo es lang geht.} Qe6 30. f4 g6 {[%cal Rg4e5]} (30... Bxe5 31. fxe5 g6 32. Qb2 $14) 31. Nxg4 fxg4 32. Kh2 Qf5 $2 (32... Rh7 $16) 33. Rf2 Rh6 $2 (33... Rh7 34. Qa6 Qe6) 34. a4 $18 {[%cal Ba2a4,Ba4a5][%mdl 32]} g5 (34... Rh7 $142 35. a5 Rf7) 35. fxg5 Qxg5 {[#] zielt auf ...Lxg3+! ab.} 36. Rf4 $1 {[%mdl 512]} Rg6 {[#]} (36... Bxf4 37. exf4+) 37. a5 $1 {[%mdl 512]} Kd8 (37... Bxa5 38. e4) 38. Rf8+ {Weiß setzt Matt.} Kd7 39. Rf7+ Kd8 40. Qf2 {Precision: Weiß = 57%, Schwarz = 17%.} 1-0

[Event "Baltic Zonal III Stage 2018"]
[Site "Liepaja"]
[Date "2018.07.11"]
[Round "4"]
[White "Klabis, Rokas"]
[Black "Sirosh, Ilja"]
[Result "0-1"]
[WhiteElo "2347"]
[BlackElo "2339"]
[Annotator "NA"]
[PlyCount "70"]
[EventDate "2018.07.09"]
[EventType "swiss"]
[EventCountry "LAT"]
[SourceTitle "playchess.com"]
[Source "ChessBase"]
[SourceQuality "1"]
[TimeControl "5400+30"]

1. e4 {[%emt 0:00:00]} e5 {[%emt 0:00:00]} 2. Nf3 {[%emt 0:00:00]} Nc6 {[%emt 0:00:00]} 3. Bc4 {[%emt 0:00:00]} Bc5 {[%emt 0:00:00]} 4. O-O {[%emt 0:00:06]} Nf6 {[%emt 0:00:00]} 5. d3 {[%emt 0:00:04]} O-O {[%emt 0:00:00]} 6. c3 {[%emt 0:00:03]} d5 {[%emt 0:00:02]} 7. exd5 {[%emt 0:00:05]} Nxd5 {[%emt 0:00:03]} 8. a4 {[%emt 0:00:06]} a6 {[%emt 0:00:26]} 9. a5 {[%emt 0:00:05]} Bf5 {[%emt 0:00:19]} 10. Re1 {[%emt 0:04:08]} b5 {[%emt 0:15:14]} 11. axb6 $1 {[%emt 0:02:28]} Nxb6 $16 {[%emt 0:00:10]} 12. Bg5 {[%emt 0:06:16]} Qc8 {[%emt 0:32:35]} 13. b4 {[%emt 0:16:32]} Bd6 {[%emt 0:01:50]} 14. Nbd2 {[%emt 0:00:46]} Nxc4 {[%emt 0:04:58]} 15. dxc4 {[%emt 0:16:59]} f6 {[%emt 0:02:32]} 16. Ne4 {[%emt 0:17:52]} Be7 {[%emt 0:13:32]} 17. Qd5+ {[%emt 0:08:31]} Qe6 {[%emt 0:00:10]} 18. Bh4 {[%emt 0:01:06]} Rfd8 {[%emt 0:01:25]} 19. Qxe6+ {[%emt 0:02:21]} Bxe6 {[%emt 0:00:01]} 20. b5 {[%emt 0:00:18]} axb5 {[%emt 0:02:23]} 21. cxb5 {[%emt 0:04:03]} Rxa1 {[%emt 0:02:07]} 22. Rxa1 {[%emt 0:00:05]} Na7 {[%emt 0:00:12]} 23. Nxe5 {[%emt 0:09:22]} g5 {[%emt 0:06:19]} 24. f4 {[%emt 0:00:08]} fxe5 {[%emt 0:01:28]} 25. Rxa7 {[%emt 0:00:20]} gxh4 {[%emt 0:00:13]} 26. Rxc7 {[%emt 0:00:20]} Rd7 {[%emt 0:00:42]} 27. Rc6 {[%emt 0:05:36]} Rd1+ {[%emt 0:06:50]} 28. Kf2 {[%emt 0:00:09]} Bd7 {[%emt 0:00:11]} 29. Rc7 {[%emt 0:01:14]} Bd8 {[%emt 0:00:04]} 30. Rb7 {[%emt 0:00:20]} exf4 {[%emt 0:01:32]} 31. Kf3 {[%emt 0:01:55]} h3 {[%emt 0:03:08]} 32. gxh3 {[%emt 0:00:34]} Bxh3 {[%emt 0:00:02]} 33. c4 {[%emt 0:00:34]} Bh4 {[%emt 0:00:44]} 34. Kxf4 {[%emt 0:00:24]} Rd4 {[%emt 0:00:37]} 35. Ke5 {[%emt 0:00:43]} Rxe4+ {[%emt 0:00:38] Kd4} 0-1

[Event "Baltic Zonal III Stage 2018"]
[Site "Liepaja"]
[Date "2018.07.11"]
[Round "4"]
[White "Rogule, Laura"]
[Black "Haavamae, Henrik"]
[Result "0-1"]
[WhiteElo "2320"]
[BlackElo "2185"]
[Annotator "NA"]
[PlyCount "84"]
[EventDate "2018.07.09"]
[EventType "swiss"]
[EventCountry "LAT"]
[SourceTitle "playchess.com"]
[Source "ChessBase"]
[SourceQuality "1"]
[TimeControl "5400+30"]

1. d4 {[%emt 0:00:00]} Nf6 {[%emt 0:00:17]} 2. Nf3 {[%emt 0:00:01]} e6 {[%emt 0:00:35]} 3. c4 {[%emt 0:01:52]} d5 {[%emt 0:02:06]} 4. g3 {[%emt 0:03:50]} Bb4+ {[%emt 0:01:29]} 5. Bd2 {[%emt 0:02:26]} Bd6 $11 {[%emt 0:01:17] LiveBook: 585 Partien} 6. c5 {[%emt 0:16:08]} Be7 {[%emt 0:00:06]} 7. Nc3 {[%emt 0:06:13]} Ne4 {[%emt 0:25:06]} 8. b4 {[%emt 0:05:36]} b6 {[%emt 0:03:06]} 9. a3 {[%emt 0:12:34]} O-O {[%emt 0:05:30]} 10. e3 {[%emt 0:03:36]} f5 {[%emt 0:01:03]} 11. Ne5 {[%emt 0:04:06]} Bf6 {[%emt 0:07:27]} 12. f4 {[%emt 0:02:50]} a5 {[%emt 0:03:31]} 13. Be2 {[%emt 0:11:42]} Bb7 {[%emt 0:00:47]} 14. O-O {[%emt 0:02:14]} Bxe5 {[%emt 0:17:16]} 15. fxe5 {[%emt 0:00:21]} Nd7 {[%emt 0:01:14]} 16. Nxe4 {[%emt 0:08:03]} fxe4 {[%emt 0:00:25]} 17. cxb6 {[%emt 0:04:55]} cxb6 {[%emt 0:01:32]} 18. bxa5 {[%emt 0:00:53]} bxa5 {[%emt 0:00:26]} 19. Qa4 {[%emt 0:05:07]} Rxf1+ {[%emt 0:05:33]} 20. Bxf1 {[%emt 0:01:48]} Nb6 {[%emt 0:01:07]} 21. Qb5 {[%emt 0:01:08]} Ba6 {[%emt 0:00:38]} 22. Qc6 {[%emt 0:00:17]} Bxf1 {[%emt 0:04:44]} 23. Qxe6+ {[%emt 0:00:08]} Kh8 {[%emt 0:00:05]} 24. Rxf1 {[%emt 0:00:03]} Nc4 {[%emt 0:00:12]} 25. Bc1 {[%emt 0:01:03]} Qg8 {[%emt 0:02:24]} 26. Qf5 {[%emt 0:03:30]} Re8 {[%emt 0:07:15]} 27. e6 {[%emt 0:01:08]} Rxe6 {[%emt 0:00:10]} 28. Qxd5 {[%emt 0:00:10]} Re8 {[%emt 0:01:03]} 29. Qc6 {[%emt 0:01:44]} h6 {[%emt 0:00:58]} 30. Rf4 {[%emt 0:00:39]} Rc8 {[%emt 0:02:05]} 31. Qxe4 {[%emt 0:00:11]} Nd6 {[%emt 0:00:19]} 32. Qb1 {[%emt 0:00:06]} Qc4 {[%emt 0:00:22]} 33. Bd2 {[%emt 0:00:44]} a4 {[%emt 0:00:55]} 34. Qb4 {[%emt 0:00:49]} Qc6 {[%emt 0:01:32]} 35. d5 {[%emt 0:00:58]} Qc2 {[%emt 0:01:00]} 36. e4 {[%emt 0:00:29]} Nc4 {[%emt 0:00:26]} 37. Bc3 {[%emt 0:00:19]} Ne3 {[%emt 0:00:53]} 38. Bxg7+ {[%emt 0:00:35]} Kh7 {[%emt 0:00:06]} 39. Qb2 {[%emt 0:00:35]} Qd1+ {[%emt 0:00:39]} 40. Kf2 {[%emt 0:00:02]} Rc2+ {[%emt 0:00:14]} 41. Kxe3 {[%emt 0:01:04]} Qd2+ {[%emt 0:00:10]} 42. Kf3 {[%emt 0:00:07]} Qe2# {[%emt 0:00:05]} 0-1

[Event "Baltic Zonal III Stage 2018"]
[Site "Liepaja"]
[Date "2018.07.11"]
[Round "4"]
[White "Brazdzionis, Andrius"]
[Black "Bernotas, Arturs"]
[Result "1-0"]
[WhiteElo "2252"]
[BlackElo "2413"]
[Annotator "RC"]
[PlyCount "85"]
[EventDate "2018.07.09"]
[EventType "swiss"]
[EventCountry "LAT"]
[SourceTitle "playchess.com"]
[Source "ChessBase"]
[SourceQuality "1"]
[TimeControl "5400+30"]

1. d4 {[%emt 0:00:00]} Nf6 {[%emt 0:00:00]} 2. c4 {[%emt 0:00:00]} e6 {[%emt 0:00:11]} 3. Nf3 {[%emt 0:00:04]} b6 {[%emt 0:00:25]} 4. a3 {[%emt 0:00:16]} Bb7 {[%emt 0:00:20]} 5. Nc3 {[%emt 0:00:10]} d5 {[%emt 0:00:31]} 6. cxd5 {[%emt 0:00:10]} Nxd5 {[%emt 0:00:18]} 7. Qc2 {[%emt 0:00:09]} c5 {[%emt 0:00:34]} 8. e4 {[%emt 0:17:41]} Nxc3 {[%emt 0:00:48]} 9. bxc3 {[%emt 0:00:21]} Nd7 {[%emt 0:01:39]} 10. Bb5 {[%emt 0:05:58]} a6 {[%emt 0:01:57]} 11. Bd3 {[%emt 0:00:09]} Qc7 {[%emt 0:00:58]} 12. Qb1 {[%emt 0:05:52]} g6 {[%emt 0:00:59]} 13. h4 {[%emt 0:12:27]} h6 {[%emt 0:10:39]} 14. Ra2 {[%emt 0:07:20]} Bg7 {[%emt 0:14:59]} 15. Re2 {[%emt 0:04:11]} Rc8 {[%emt 0:09:36]} 16. Bd2 {[%emt 0:02:21]} b5 {[%emt 0:14:41]} 17. d5 {[%emt 0:07:53]} c4 {[%emt 0:02:05]} 18. Bc2 {[%emt 0:00:06]} Nc5 {[%emt 0:00:52]} 19. a4 {[%emt 0:00:48]} O-O {[%emt 0:07:30]} 20. dxe6 {[%emt 0:03:54]} fxe6 {[%emt 0:04:52]} 21. axb5 {[%emt 0:00:31]} axb5 {[%emt 0:00:22]} 22. O-O {[%emt 0:02:50]} Qe7 {[%emt 0:07:59]} 23. Qb4 {[%emt 0:09:19]} Qd7 {[%emt 0:13:06]} 24. Rb1 {[%emt 0:02:37]} Nd3 {[%emt 0:03:40]} 25. Qxb5 {[%emt 0:02:03]} Bc6 {[%emt 0:00:05]} 26. Qb6 {[%emt 0:00:16]} Rxf3 {[%emt 0:02:25]} 27. gxf3 {[%emt 0:00:36]} Rf8 {[%emt 0:00:35]} 28. f4 {[%emt 0:06:11]} e5 {[%emt 0:00:41]} 29. f3 {[%emt 0:01:23]} exf4 {[%emt 0:00:37]} 30. Bxd3 {[%emt 0:03:14]} Qxd3 {[%emt 0:00:25]} 31. Rf2 {[%emt 0:00:47]} g5 {[%emt 0:00:46]} 32. hxg5 {[%emt 0:01:55]} hxg5 {[%emt 0:00:02]} 33. Ra1 {[%emt 0:00:15]} Bd7 {[%emt 0:00:47]} 34. Ra7 {[%emt 0:00:40]} Rf7 {[%emt 0:00:54]} 35. Qd8+ {[%emt 0:00:21]} Bf8 {[%emt 0:00:15]} 36. Ra5 {[%emt 0:02:22]} Rg7 {[%emt 0:00:51]} 37. Rxg5 {[%emt 0:01:06]} Qb1+ {[%emt 0:00:18]} 38. Rf1 {[%emt 0:00:31]} Qb5 {[%emt 0:00:09]} 39. Bxf4 {[%emt 0:00:52]} Kh7 {[%emt 0:01:02]} 40. Rxg7+ {[%emt 0:00:40]} Bxg7 {[%emt 0:00:02]} 41. Rd1 {[%emt 0:00:47]} Qc5+ {[%emt 0:00:37]} 42. Kg2 {[%emt 0:00:16]} Be6 {[%emt 0:00:12]} 43. Qe8 {[%emt 0:00:32]} 1-0